| 000 | 00653nam a2200205 i 4500 | ||
|---|---|---|---|
| 001 | 30609 | ||
| 003 | ES-MaACL | ||
| 005 | 20230906154225.0 | ||
| 007 | t| | ||
| 008 | 030127s1952 sp ||||1| spa d | ||
| 100 | 1 |
_aBeltrán de Heredia y Onís, José María. _927362 |
|
| 245 | 1 | 0 |
_aCáncer de la mama / _cJosé María Beltrán de Heredia y Onís. |
| 250 | _a1ª ed. | ||
| 260 |
_aBarcelona, etc. : _bSalvat, _c1952 ( _fImp. Hispano-Americana) |
||
| 300 |
_a115 p. : _bil. ; _c23 cm. |
||
| 490 | 1 | _aManuales de medicina práctica | |
| 830 | 0 |
_aManuales de medicina práctica _9181070 |
|
| 852 |
_aES-MaACL _jD-7400 _bR.32608 |
||
| 999 |
_c30609 _d30609 |
||